000 00707nam a2200241 i 4500
001 000038258
003 DO-SdBNP
005 20241114083424.0
007 ta
008 130405s1980 dr 000 0 spa d
040 _aDO-SdBNP
_bspa
_cBNPHU
_erda
082 4 _axxx
_bxxx
_222
100 1 _aPatín Veloz, Enrique,
_eautor
_4aut.
_93425
245 1 3 _aEl ideario de Patín Maceo /
_cEnrique Patín Veloz.
264 4 _aSanto Domingo :
_bEditora Artes Gráficas,
_c1980.
300 _a47 páginas ;
_c21 cm.
336 _atexto
_btxt
_2rdacontent
337 _asin mediación
_bn
_2rdamedia
338 _avolumen
_bnc
_2rdacarrier
590 _aInventariado, 2023/BT
910 _aBtavárez
942 _2ddc
_cLF2
999 _c37748
_d37748